000 00606nam a2200193Ia 4500
003 GCL
008 140319s9999 xx 000 0 ara d
040 _aGCL /
_cGCL
082 0 4 _aط
_b790.13
_bا ه
100 1 _aاسماعيل عبدالفتاح
245 1 0 _aهوايات ومهارات لاستغلال وقت الفراغ /
_cاسماعيل عبدالفتاح
300 _a68 ص
490 _aالهيئة العامة للاستعلامات
_v0
650 0 4 _aالترفيه
650 0 4 _aالتسالى
650 0 4 _aالحرف اليدوية
650 0 4 _aالهوايات
942 _2ddc
_cBK
999 _c50600
_d50600